000 00370cam a22001454a 4500
020 _a0821353446
040 _cDLC
082 0 0 _a332 WOR 2003 A019 Or.
245 0 2 _aA guide to the World Bank.
260 _aWashington, D.C. :
_bWorld Bank,
_cc2003.
300 _axvi, 247 p. :
_bill., maps ;
_c23 cm.
500 _aIncludes index.
710 2 _aWorld Bank.
942 _cEK
999 _c12288
_d12288